Normal view
MARC view
Entry Topical Term
001 - CONTROL NUMBER
- control field: 52963
003 - CONTROL NUMBER IDENTIFIER
- control field: OSt
005 - DATE AND TIME OF LATEST TRANSACTION
- control field: 20250509123610.0
008 - FIXED-LENGTH DATA ELEMENTS
- fixed length control field: 250509|| aca||aabn | a|a d
040 ## - CATALOGING SOURCE
- Original cataloging agency: OSt
- Transcribing agency: OSt
150 ## - HEADING--TOPICAL TERM
- Topical term or geographic name entry element: Legal mobilisation, Socio-environmental movements, Extractives and environmental justice, Community activism in Chile.
670 ## - SOURCE DATA FOUND
- Source citation: Work cat.: (OSt): Smart, Sebastian 52962, Justice in contention: The dynamics of legal mobilisation in caimanes’ environmental struggle
